00809nam a2200241 a 450000100060000000300080000600500170001400800410003102000160007202000240008803500200011204000320013204100080016408200270017210000220019924501450022126000500036630000350041650400510045165000120050265000250051465000280053952028BD-RjUL20211209075738.0160905s1979 nyub b 101 0 eng  a0195201493  a0195201507 (pbk.) : a(BD-RjUL) 52148 aDLCcDLCdDLCdBD-RjULbeng aeng00a338.4791223bKAT 1979 aKadt, Emanuel De 10aTourism--passport to development? :bPerspectives on the social and cultural effects of tourism in developing countries /c Emanuel de Kadt. aNew York :b Oxford University Press,cc1979. axviii, 360 p. :bill ;c24 cm. aIncludes bibliographical references and index. 0aTourism 0aDeveloping countries 0aTourism--Social aspects